| 000 | 01159nam a22003497a 4500 | ||
|---|---|---|---|
| 003 | CHAP | ||
| 005 | 20220329133649.0 | ||
| 008 | 971013s1988 r 00010 d | ||
| 010 | _a9191 | ||
| 011 | _a10163 | ||
| 035 | _a9400 | ||
| 040 | _cCHAP | ||
| 082 |
_a634.955 _bN35 |
||
| 100 | 0 | 0 |
_aNamkoong, Gene. _980105 |
| 245 |
_aTree breeding _b: principles and strategies |
||
| 260 |
_aNew York : _bSpringer-Verlag, _c1988 |
||
| 300 |
_a180 p. _b; gráfs |
||
| 490 |
_aMonographs on theoretical and applied genetics _v; 11 |
||
| 590 |
_aBATCH-UPD _b10 _c20130110 _lUCH01 _h0151 |
||
| 590 |
_aBATCH-UPD _b10 _c20130110 _lUCH01 _h0923 |
||
| 590 |
_aBATCH-UPD _b10 _c20130410 _lUCH01 _h0544 |
||
| 590 |
_aBATCH-UPD _b10 _c20130914 _lUCH01 _h0751 |
||
| 590 |
_aCONVERSION _b10 _c20130109 _lUCH01 _h1306 |
||
| 650 | 1 | 4 |
_aÁrboles _xMejoramiento. _96622 |
| 650 | 1 | 4 |
_aGenética forestal. _947489 |
| 700 | 0 |
_aBrouard, J. S. _915594 |
|
| 700 | 0 |
_aKang, H. C. _962674 |
|
| 830 | 0 |
_aMonographs on theoretical and applied genetics _v; 11 _977618 |
|
| 901 | _aBK | ||
| 942 | _cLIBRO | ||
| 949 |
_a634.955 N35 _bBC _cLIBRO _d33724000089751 _eLIBRO _gI. 171711 _h85635 _i9400 _si _t276.53 |
||
| 999 |
_c9191 _d9191 |
||